000 02354cam a2200397 a 4500
001 118387
005 20230410130752.0
008 110218s2011 nyu 001 0 eng
035 _a16659008
925 0 _aacquire
_b2 shelf copies
_xpolicy default
942 _2lcc
_cbk
010 _a 2011006275
020 _a9780061934773 (hardback)
040 _aDLC
_cDLC
_dDLC
041 _aEng
042 _apcc
043 _an-us---
050 1 4 _aPN1992.3.U5
_bS534 2011
082 0 0 _a791.450973
_222
084 _aSOC022000
_aPOL042020
_2bisacsh
100 1 _aShapiro, Ben.
245 1 0 _aPrimetime propaganda :
_bthe true Hollywood story of the how the left took over your TV /
_cBen Shapiro.
250 _a1st ed.
260 _aNew York :
_bBroadside Books,
_c2011.
300 _axx, 394 p. ;
_c24 cm.
500 _aIncludes index.
505 _aPrologue: How conservatives lost the television war -- Introduction: The political perversion of television -- The secret political history of television : how television became liberal -- The clique : how television stays liberal -- A spoonful of sugar : how television comedy trashes conservatism -- Making the Right cry : how television drama glorifies liberalism -- "Shut up and change the channel" : how the Left uses the market myth to silence its critics -- The celluloid triangle : how interest groups, government and Hollywood conspire to keep TV left -- The government-Hollywood complex : how Hollywood became the federal government's PR firm -- Robbing the cradle : how television liberals recruit kids -- The end of television? : How to fix TV -- Appendix: The best conservative shows in television history.
520 _a"The story of how the most powerful medium of mass communication in human history became a propaganda tool for one side of the political spectrum: the left side" --
_cProvided by publisher.
650 0 _aTelevision programs
_zUnited States
_xHistory
_y20th century.
650 0 _aMass media and propaganda
_zUnited States
_xHistory
_y20th century.
650 0 _aPopular culture
_zUnited States
_xHistory
_y20th century.
650 0 _aLiberalism
_zUnited States
_xHistory
_y20th century.
650 7 _aSOCIAL SCIENCE / Popular Culture
_2bisacsh.
650 7 _aPOLITICAL SCIENCE / Political Ideologies / Conservatism & Liberalism
_2bisacsh.
946 _adpf
999 _c80027
_d80027